书目信息 |
| 题名: |
谜语集锦
|
|
| 作者: | 苏勤 编 | |
| 分册: | 1 | |
| 出版信息: | 北京 新华出版社 1981-1982 |
|
| 页数: | 233页 | |
| 开本: | 18cm | |
| 丛书名: | ||
| 单 册: | ||
| 中图分类: | I277.8 , I276.8 | |
| 科图分类: | ||
| 主题词: | 谜语--中国--现代--选集 | |
| 电子资源: | ||
| ISBN: | ||
| 000 | 00621nam0 2200241 450 | |
| 001 | 1559036693 | |
| 005 | 20170927131626.79 | |
| 010 | @dCNY0.52(1),CNY0.48(2) | |
| 091 | @a10203.024(1) | |
| 091 | @a10203.087(2) | |
| 100 | @a19950525d1981 em y0chiy0110 ea | |
| 101 | 0 | @achi |
| 102 | @aCN@b110000 | |
| 105 | @ay z 000zy | |
| 200 | 1 | @a谜语集锦@9mi yu ji jin@h1@f苏勤编 |
| 210 | @a北京@c新华出版社@d1981-1982 | |
| 215 | @a233页@d18cm | |
| 606 | 0 | @a谜语@y中国@z现代@x选集 |
| 690 | @aI277.8@v5 | |
| 690 | @aI276.8@v4 | |
| 701 | 0 | @a苏勤@9su qin@4编 |
| 801 | 0 | @aCN@bTSSF@c20150203 |
| 905 | @aZUCC@dI276.8@eJY13 | |
| 谜语集锦.1/苏勤编.-北京:新华出版社,1981-1982 |
| 233页;18cm |
| ISBN :CNY0.52(1),CNY0.48(2) |
| ● |
| 相关链接 |
|
|
|
|
正题名:谜语集锦
索取号:I276.8/JY13
 
预约/预借
| 序号 | 登录号 | 条形码 | 馆藏地/架位号 | 状态 | 备注 |
| 1 | 7863938 | 278639387 | 学院路分馆/ [索取号:I276.8/JY13] | 在馆 |